| 000 | 00471nmm a2200169Ia 4500 | ||
|---|---|---|---|
| 008 | 251105s9999||||xx |||||||||||||||||und|| | ||
| 020 | _a9788446049913 | ||
| 041 | _aspa | ||
| 100 | _aGyörgy, Lukács | ||
| 245 | 0 | _aMarx, ontología del ser social | |
| 264 |
_a[Madrid, España] : _bAkal, _c2020 |
||
| 300 | _a224 páginas | ||
| 490 | _aBásica de Bolsillo | ||
| 650 | _aPhilosophy, Ethics | ||
| 856 | _uhttps://public.digitaliapublishing.com/a/70693 | ||
| 942 | _cCF | ||
| 999 |
_c83235 _d83235 |
||